Statistics for Bowling 101

Click here to take the quiz!

General Stats

  • This quiz has been taken 24 times
  • The average score is 9 of 15

Answer Stats

HintAnswer% Correct
How many strikes for a perfect score?12
100%
Perfect Score?300
100%
What pin is in the far left corner?7
90%
When two pins are separated with nothing in between?Split
90%
The middle pin?5
76%
Additional pins added to your score based on averageHandicap
71%
How many boards on a lane?40
67%
Name of the group that runs pro bowling?Professional Bowlers Association (PBA)
67%
_____ Frame: A frame without a strike or spareOpen
62%
_____ Game: A full game of strikes and sparesClean
52%
What is the ideal placement to near guarantee a strike?Pocket
48%
Game series where you don't receive the aboveScratch
33%
Group that runs all bowling leagues and most tournamentsUnited States Bowling Congress (USBC)
33%
Name of the youth national championships?Junior Gold
24%
What are the 3 steps of a ball rolling down lane?Skid, Hook, Roll
5%

Score Distribution

Percentile by Number Answered

Percent of People with Each Score

Your Score History

You have not taken this quiz